000 00723nam a2200241Ia 4500
003 OSt
005 20220923223720.0
006 a|||||r|||| 00| 0
007 ta
008 Pun
024 _a220,641
037 _cTextual
040 _aARTS
_cARTS
_bPun
041 _2Pun
_aPun
082 _a4:(Z).2, 153M5
100 _aਗਿਆਨੀ, ਕੁਲਦੀਪ ਸਿੰਘ
245 0 _aਭਾਰਤੀ ਪ੍ਰੌਸ ਕਨੂੰਨ
260 _aਪਟਿਆਲਾ
_b ਪਬਲੀਕੇFਨ ਬਿਊਰੋ
_c1985
300 _a323ਪੰ
_ccm.
650 _aਪਤਰਕਾਰਿਤਾ
942 _h4:(Z).2, 153M5
_cTEXL
_2CC
999 _c366937
_d366937